Statistiques concernant Les pays du conseil de l'Europe

Cliquez ici pour prendre le quiz!

Statistiques générales

  • Ce quiz a été pris 68 fois
  • Le résultat moyen est 41 sur 46

Statistiques - réponses

AdhésionPays% Correct
1977Espagne
100%
1949France
100%
1950Allemagne
98%
1949Italie
98%
1949Norvège
98%
1949Belgique
97%
1976Portugal
97%
1989Finlande
95%
1995Lettonie
95%
1949Pays-Bas
95%
1949Royaume-Uni
95%
1995Albanie
94%
1994Andorre
94%
1993Lituanie
94%
1993Slovaquie
94%
1993Slovénie
94%
1949Suède
94%
1993Estonie
92%
1949Irlande
92%
1978Liechtenstein
92%
1991Pologne
92%
1993Roumanie
92%
1956Autriche
90%
1996Croatie
90%
1949Luxembourg
90%
1992Bulgarie
89%
2003Serbie
89%
1993Tchéquie
89%
1949Danemark
87%
1949Grèce
87%
1990Hongrie
87%
1963Suisse
87%
1965Malte
85%
1950Islande
84%
2004Monaco
84%
2007Monténégro
84%
2002Bosnie-Herzégovine
82%
1995Macédoine du Nord
82%
1995Moldavie
82%
1950Turquie
82%
1995Ukraine
82%
1988Saint-Marin
77%
1961Chypre
76%
2001Arménie
68%
1999Géorgie
63%
2001Azerbaidjan
56%

Distribution des résultats

Percentile par nombre de réponses

% des personnes avec chaque résultat

Votre développement - résultats

Vous n’avez pas pris ce quiz